{"text_format":"3","workbook":"xlsx","n_sheets":3,"sheets":["汇总","灯具","Sheet1"],"not_rendered":{"images":21},"read":"whole","date_system":"1900"}

{"sheet":"汇总","index":0,"n_rows":5,"n_cols":5,"rows_kept":5,"merged":[[0,0,1,4],[4,0,4,1],[4,2,4,3],[5,0,5,4],[6,0,6,1],[7,0,7,1]]}
["大湾区大学学术交流中心灯具采购项目清单"]
[]
["编号\nItem Code","内容\nContent","单位\nUnits","数量\nQuantity","备注\nNotes"]
[1,"灯具","件",867]
["总计",null,{"$f":"SUM(D4:D5)","v":867}]

{"sheet":"灯具","index":1,"n_rows":38,"n_cols":15,"rows_kept":38,"merged":[[0,0,0,14],[3,2,4,2],[7,2,9,2],[10,2,14,2],[15,2,19,2],[20,2,23,2],[24,2,28,2],[29,2,32,2],[36,0,36,6],[37,0,37,14]]}
["灯具清单及报价明细表"]
["序号","楼层","区域","产品名称","参照图","材质","规格(W*D*H)mm","单位","数量","房间数","总数","响应参数及规格","单价(元）","总价（元）","备注"]
[{"$f":"ROW()-2","v":1},"一层","过厅服务台","台灯",null,"1、金属材质灯体，米白色布艺灯罩；\n2、优质E27 LED光源；色温：3000K\n3、灯头及各电器元件采用3C认证元 件；电线通过3C强制认证，采用耐\n高温（105°C）阻燃导线；\n4、焊接工艺标准：GB10854-89  ；\n5、灯具执行标准：GB7000.1-\n2007，GB7000.201-2008；","常规","件",1,1,{"$f":"J3*I3","v":1},null,null,{"$f":"M3*K3","v":0}]
[{"$f":"ROW()-2","v":2},"三层","大包厢18位","吊灯",null,"1、优质304不锈钢底板，米白色布艺灯罩；\n2、优质 LED光源；色温：3000K\n3、灯头及各电器元件采用3C认证元 件；电线通过3C强制认证，采用耐\n高温（105°C）阻燃导线；\n4、焊接工艺标准：GB10854-89  ；\n5、灯具执行标准：GB7000.1-\n2007，GB7000.201-2008；","D2700","件",1,1,{"$f":"J4*I4","v":1},null,null,0,"此项需在12月25号安装完成"]
[3,"三层",null,"壁灯",null,"1、优质304不锈钢底板，米白色布艺灯罩；\n2、优质 LED光源；色温：3000K\n3、灯头及各电器元件采用3C认证元 件；电线通过3C强制认证，采用耐\n高温（105°C）阻燃导线；\n4、焊接工艺标准：GB10854-89  ；\n5、灯具执行标准：GB7000.1-\n2007，GB7000.201-2008；","常规","件",2,1,2,null,null,0,"此项需在12月25号安装完成"]
[4,"三层","中包厢1、2、3（12位）","吊灯",null,"1、优质304不锈钢底板，米白色布艺灯罩；\n2、优质 LED光源；色温：3000K\n3、灯头及各电器元件采用3C认证元 件；电线通过3C强制认证，采用耐\n高温（105°C）阻燃导线；\n4、焊接工艺标准：GB10854-89  ；\n5、灯具执行标准：GB7000.1-\n2007，GB7000.201-2008；","D1200","件",1,3,3,null,null,0]
[5,"三层","中包厢4（16位）","吊灯",null,"1、优质304不锈钢底板，米白色布艺灯罩；\n2、优质 LED光源；色温：3000K\n3、灯头及各电器元件采用3C认证元 件；电线通过3C强制认证，采用耐\n高温（105°C）阻燃导线；\n4、焊接工艺标准：GB10854-89  ；\n5、灯具执行标准：GB7000.1-\n2007，GB7000.201-2008；","D1900","件",1,1,1,null,null,0]
[6,"五~十层","02双床房（每层6间）","台灯",null,"1、优质金属灯体，石材底座；\n2、优质 LED光源；色温：3000K\n3、灯头及各电器元件采用3C认证元 件；电线通过3C强制认证，采用耐\n高温（105°C）阻燃导线；\n4、焊接工艺标准：GB10854-89  ；\n5、灯具执行标准：GB7000.1-\n2007，GB7000.201-2008；","常规","件",1,36,36,null,null,0]
[7,"五~十层",null,"床头吊灯",null,"1、优质金属灯罩；\n2、优质 LED光源；色温：3000K\n3、灯头及各电器元件采用3C认证元 件；电线通过3C强制认证，采用耐\n高温（105°C）阻燃导线；\n4、焊接工艺标准：GB10854-89  ；\n5、灯具执行标准：GB7000.1-\n2007，GB7000.201-2008；","常规","件",1,36,36,null,null,0]
[8,"五~十层",null,"阅读灯",null,"1、优质304不锈钢灯体；\n2、优质 LED光源；色温：3000K\n3、灯头及各电器元件采用3C认证元 件；电线通过3C强制认证，采用耐\n高温（105°C）阻燃导线；\n4、焊接工艺标准：GB10854-89  ；\n5、灯具执行标准：GB7000.1-\n2007，GB7000.201-2008；","常规","件",2,36,72,null,null,0]
[9,"五~十层","03大床房（五层10间，六~十层每层12间）","落地灯",null,"1、优质金属灯体；\n2、优质 LED光源；色温：3000K\n3、灯头及各电器元件采用3C认证元 件；电线通过3C强制认证，采用耐\n高温（105°C）阻燃导线；\n4、焊接工艺标准：GB10854-89  ；\n5、灯具执行标准：GB7000.1-\n2007，GB7000.201-2008；","常规","件",1,70,70,null,null,0]
[10,"五~十层",null,"台灯",null,"1、优质金属灯体，石材底座；\n2、优质 LED光源；色温：3000K\n3、灯头及各电器元件采用3C认证元 件；电线通过3C强制认证，采用耐\n高温（105°C）阻燃导线；\n4、焊接工艺标准：GB10854-89  ；\n5、灯具执行标准：GB7000.1-\n2007，GB7000.201-2008；","常规","件",1,70,70,null,null,0]
[11,"五~十层",null,"床头吊灯",null,"1、优质金属灯罩；\n2、优质 LED光源；色温：3000K\n3、灯头及各电器元件采用3C认证元 件；电线通过3C强制认证，采用耐\n高温（105°C）阻燃导线；\n4、焊接工艺标准：GB10854-89  ；\n5、灯具执行标准：GB7000.1-\n2007，GB7000.201-2008；","常规","件",1,70,70,null,null,0]
[12,"五~十层",null,"床头壁灯",null,"1、优质金属灯体；\n2、优质 LED光源；色温：3000K\n3、灯头及各电器元件采用3C认证元 件；电线通过3C强制认证，采用耐\n高温（105°C）阻燃导线；\n4、焊接工艺标准：GB10854-89  ；\n5、灯具执行标准：GB7000.1-\n2007，GB7000.201-2008；","常规","件",1,70,70,null,null,0]
[13,"五~十层",null,"阅读灯",null,"1、优质304不锈钢灯体；\n2、优质 LED光源；色温：3000K\n3、灯头及各电器元件采用3C认证元 件；电线通过3C强制认证，采用耐\n高温（105°C）阻燃导线；\n4、焊接工艺标准：GB10854-89  ；\n5、灯具执行标准：GB7000.1-\n2007，GB7000.201-2008；","常规","件",2,70,140,null,null,0]
[14,"五~十层","04残疾人大床房（五层2间）","落地灯",null,"1、优质金属灯体；\n2、优质 LED光源；色温：3000K\n3、灯头及各电器元件采用3C认证元 件；电线通过3C强制认证，采用耐\n高温（105°C）阻燃导线；\n4、焊接工艺标准：GB10854-89  ；\n5、灯具执行标准：GB7000.1-\n2007，GB7000.201-2008；","常规","件",1,2,2,null,null,0]
[15,"五~十层",null,"台灯",null,"1、优质金属灯体，石材底座；\n2、优质 LED光源；色温：3000K\n3、灯头及各电器元件采用3C认证元 件；电线通过3C强制认证，采用耐\n高温（105°C）阻燃导线；\n4、焊接工艺标准：GB10854-89  ；\n5、灯具执行标准：GB7000.1-\n2007，GB7000.201-2008；","常规","件",1,2,2,null,null,0]
[16,"五~十层",null,"床头吊灯",null,"1、优质金属灯罩；\n2、优质 LED光源；色温：3000K\n3、灯头及各电器元件采用3C认证元 件；电线通过3C强制认证，采用耐\n高温（105°C）阻燃导线；\n4、焊接工艺标准：GB10854-89  ；\n5、灯具执行标准：GB7000.1-\n2007，GB7000.201-2008；","常规","件",1,2,2,null,null,0]
[17,null,null,"床头壁灯",null,"1、优质金属灯体；\n2、优质 LED光源；色温：3000K\n3、灯头及各电器元件采用3C认证元 件；电线通过3C强制认证，采用耐\n高温（105°C）阻燃导线；\n4、焊接工艺标准：GB10854-89  ；\n5、灯具执行标准：GB7000.1-\n2007，GB7000.201-2008；","常规","件",1,2,2,null,null,0]
[18,"五~十层",null,"阅读灯",null,"1、优质304不锈钢灯体；\n2、优质 LED光源；色温：3000K\n3、灯头及各电器元件采用3C认证元 件；电线通过3C强制认证，采用耐\n高温（105°C）阻燃导线；\n4、焊接工艺标准：GB10854-89  ；\n5、灯具执行标准：GB7000.1-\n2007，GB7000.201-2008；","常规","件",2,2,4,null,null,0]
[19,"11层\n(每层1间)","大套房","床头柜台灯",null,"1、优质石材灯体，米白色布艺灯罩；\n2、优质 LED光源；色温：3000K\n3、灯头及各电器元件采用3C认证元 件；电线通过3C强制认证，采用耐\n高温（105°C）阻燃导线；\n4、焊接工艺标准：GB10854-89  ；\n5、灯具执行标准：GB7000.1-\n2007，GB7000.201-2008；","常规","件",2,1,2,null,null,0]
[20,"11层\n(每层1间)",null,"沙发背景照画灯",null,"1、优质石材灯体，米白色布艺灯罩；\n2、优质 LED光源；色温：3000K\n3、灯头及各电器元件采用3C认证元 件；电线通过3C强制认证，采用耐\n高温（105°C）阻燃导线；\n4、焊接工艺标准：GB10854-89  ；\n5、灯具执行标准：GB7000.1-\n2007，GB7000.201-2008；","常规","件",1,1,1,null,null,0]
[21,"11层\n(每层1间)",null,"床头背景照画灯",null,"1、优质石材灯体，米白色布艺灯罩；\n2、优质 LED光源；色温：3000K\n3、灯头及各电器元件采用3C认证元 件；电线通过3C强制认证，采用耐\n高温（105°C）阻燃导线；\n4、焊接工艺标准：GB10854-89  ；\n5、灯具执行标准：GB7000.1-\n2007，GB7000.201-2008；","常规","件",1,2,2,null,null,0]
[22,"11层\n(每层1间)",null,"边几台灯",null,"1、优质石材灯体，米白色布艺灯罩；\n2、优质 LED光源；色温：3000K\n3、灯头及各电器元件采用3C认证元 件；电线通过3C强制认证，采用耐\n高温（105°C）阻燃导线；\n4、焊接工艺标准：GB10854-89  ；\n5、灯具执行标准：GB7000.1-\n2007，GB7000.201-2008；","常规","件",2,1,2,null,null,0]
[23,"11层\n(每层3间)","套房1","床头柜台灯",null,"1、优质石材灯体，米白色布艺灯罩；\n2、优质 LED光源；色温：3000K\n3、灯头及各电器元件采用3C认证元 件；电线通过3C强制认证，采用耐\n高温（105°C）阻燃导线；\n4、焊接工艺标准：GB10854-89  ；\n5、灯具执行标准：GB7000.1-\n2007，GB7000.201-2008；","常规","件",2,3,6,null,null,0]
[24,"11层\n(每层3间)",null,"沙发背景照画灯",null,"1、优质石材灯体，米白色布艺灯罩；\n2、优质 LED光源；色温：3000K\n3、灯头及各电器元件采用3C认证元 件；电线通过3C强制认证，采用耐\n高温（105°C）阻燃导线；\n4、焊接工艺标准：GB10854-89  ；\n5、灯具执行标准：GB7000.1-\n2007，GB7000.201-2008；","常规","件",1,3,3,null,null,0]
[25,"11层\n(每层3间)",null,"床头背景照画灯",null,"1、优质石材灯体，米白色布艺灯罩；\n2、优质 LED光源；色温：3000K\n3、灯头及各电器元件采用3C认证元 件；电线通过3C强制认证，采用耐\n高温（105°C）阻燃导线；\n4、焊接工艺标准：GB10854-89  ；\n5、灯具执行标准：GB7000.1-\n2007，GB7000.201-2008；","常规","件",1,3,3,null,null,0]
[26,"11层\n(每层3间)",null,"客厅落地灯",null,"1、优质304不锈钢底板灯体，米白色布艺灯罩；\n2、优质 LED光源；色温：3000K\n3、灯头及各电器元件采用3C认证元 件；电线通过3C强制认证，采用耐\n高温（105°C）阻燃导线；\n4、焊接工艺标准：GB10854-89  ；\n5、灯具执行标准：GB7000.1-\n2007，GB7000.201-2008；","常规","件",1,3,3,null,null,0]
[27,"11层\n(每层3间)",null,"边几台灯",null,"1、优质石材灯体，米白色布艺灯罩；\n2、优质 LED光源；色温：3000K\n3、灯头及各电器元件采用3C认证元 件；电线通过3C强制认证，采用耐\n高温（105°C）阻燃导线；\n4、焊接工艺标准：GB10854-89  ；\n5、灯具执行标准：GB7000.1-\n2007，GB7000.201-2008；","常规","件",2,3,6,null,null,0]
[28,"11层\n(每层4间)","套房2","床头柜台灯",null,"1、优质石材灯体，米白色布艺灯罩；\n2、优质 LED光源；色温：3000K\n3、灯头及各电器元件采用3C认证元 件；电线通过3C强制认证，采用耐\n高温（105°C）阻燃导线；\n4、焊接工艺标准：GB10854-89  ；\n5、灯具执行标准：GB7000.1-\n2007，GB7000.201-2008；","常规","件",2,4,8,null,null,0]
[29,"11层\n(每层4间)",null,"沙发背景照画灯",null,"1、优质石材灯体，米白色布艺灯罩；\n2、优质 LED光源；色温：3000K\n3、灯头及各电器元件采用3C认证元 件；电线通过3C强制认证，采用耐\n高温（105°C）阻燃导线；\n4、焊接工艺标准：GB10854-89  ；\n5、灯具执行标准：GB7000.1-\n2007，GB7000.201-2008；","常规","件",1,4,4,null,null,0]
[30,"11层\n(每层4间)",null,"床头背景照画灯",null,"1、优质石材灯体，米白色布艺灯罩；\n2、优质 LED光源；色温：3000K\n3、灯头及各电器元件采用3C认证元 件；电线通过3C强制认证，采用耐\n高温（105°C）阻燃导线；\n4、焊接工艺标准：GB10854-89  ；\n5、灯具执行标准：GB7000.1-\n2007，GB7000.201-2008；","常规","件",1,4,4,null,null,0]
[31,"11层\n(每层4间)",null,"边几台灯",null,"1、优质石材灯体，米白色布艺灯罩；\n2、优质 LED光源；色温：3000K\n3、灯头及各电器元件采用3C认证元 件；电线通过3C强制认证，采用耐\n高温（105°C）阻燃导线；\n4、焊接工艺标准：GB10854-89  ；\n5、灯具执行标准：GB7000.1-\n2007，GB7000.201-2008；","常规","件",2,4,8,null,null,0]
[32,"12-18层(每层8间)","公寓","床头柜台灯",null,"1、优质石材灯体，米白色布艺灯罩；\n2、优质 LED光源；色温：3000K\n3、灯头及各电器元件采用3C认证元 件；电线通过3C强制认证，采用耐\n高温（105°C）阻燃导线；\n4、焊接工艺标准：GB10854-89  ；\n5、灯具执行标准：GB7000.1-\n2007，GB7000.201-2008；","常规","件",2,56,112,null,null,0]
[33,"12-18层(每层8间)","公寓","沙发背景照画灯",null,"1、优质石材灯体，米白色布艺灯罩；\n2、优质 LED光源；色温：3000K\n3、灯头及各电器元件采用3C认证元 件；电线通过3C强制认证，采用耐\n高温（105°C）阻燃导线；\n4、焊接工艺标准：GB10854-89  ；\n5、灯具执行标准：GB7000.1-\n2007，GB7000.201-2008；","常规","件",1,56,56,null,null,0]
[34,"12-18层(每层8间)","公寓","边几台灯",null,"1、优质石材灯体，米白色布艺灯罩；\n2、优质 LED光源；色温：3000K\n3、灯头及各电器元件采用3C认证元 件；电线通过3C强制认证，采用耐\n高温（105°C）阻燃导线；\n4、焊接工艺标准：GB10854-89  ；\n5、灯具执行标准：GB7000.1-\n2007，GB7000.201-2008；","常规","件",1,63,63,null,null,0,"每层有1个房间为2件"]
["合计",{"$nulls":9},{"$f":"SUM(K3:K36)","v":867},null,null,0]
["说明:1、清单尺寸为施工图测量尺寸，实际尺寸会根据现场实际测量尺寸进行调整，以最终摆放尺寸为准。2、上述各产品的款式、材质、规格、数量等供参考，投标人需按采购人结合现场情况和经营需要最终确定的产品、数量生产、供货。",{"$nulls":12},{"$f":"SUM(N3:N37)","v":0}]

{"sheet":"Sheet1","index":2,"n_rows":0,"n_cols":0,"rows_kept":0}